| 000 | 00508nam a2200181Ia 4500 | ||
|---|---|---|---|
| 999 |
_c802 _d802 |
||
| 003 | OSt | ||
| 005 | 20200915143104.0 | ||
| 008 | 190216s9999||||xx |||||||||||||| ||und|| | ||
| 040 | _coclc | ||
| 082 |
_a492.7 _bRAH/T |
||
| 100 |
_aRahiman, V K Abdul _94604 |
||
| 245 | 0 |
_aA Text Book Of Modern Arabic / _cV K Abdul Rahiman |
|
| 250 | _a3rd Ed. | ||
| 260 |
_bAl Hudha Book Stall, _aCalicut: _c2009. |
||
| 300 | _a143p | ||
| 650 | _aArabic | ||
| 942 |
_cBK _2ddc _h492.7 _iRAH/T _k492.7 _mRAH/T |
||